000047980 001__ 47980
000047980 005__ 20230317220754.0
000047980 0247_ $$2doi$$a10.1016/j.nima.2010.10.096
000047980 0247_ $$2ISSN$$a0168-9002
000047980 0247_ $$2ISSN$$a1872-9576
000047980 0247_ $$2WOS$$aWOS:000287556100031
000047980 037__ $$aGSI-2013-00180
000047980 041__ $$aEnglish
000047980 082__ $$a530
000047980 1001_ $$0P:(DE-HGF)0$$avon Schmid, M.$$b0$$eCorresponding author
000047980 245__ $$aFirst application of pulse-shape analysis to silicon micro-strip detectors
000047980 260__ $$aAmsterdam$$bNorth-Holland Publ. Co.$$c2011
000047980 3367_ $$0PUB:(DE-HGF)16$$2PUB:(DE-HGF)$$aJournal Article$$bjournal$$mjournal$$s1360775742_17941
000047980 3367_ $$2DRIVER$$aarticle
000047980 3367_ $$2BibTeX$$aARTICLE
000047980 3367_ $$00$$2EndNote$$aJournal Article
000047980 536__ $$0G:(DE-HGF)POF2-533$$a533 - Exotic Nuclei and Nuclear Astrophysics (ENNA) (POF2-533)$$cPOF2-533$$fPOF II$$x0
000047980 536__ $$0G:(DE-Ds200)LandHessen-LOEWE-HIC4FAIR$$aHIC4FAIR - HIC for FAIR - Helmholtz International Center for FAIR - Data Analysis, Theory and Simulations (LandHessen-LOEWE-HIC4FAIR)$$cLandHessen-LOEWE-HIC4FAIR$$x1
000047980 588__ $$aDataset connected to CrossRef, repository.gsi.de
000047980 7001_ $$0P:(DE-Ds200)OR0256$$aEgelhof, P.$$b1
000047980 7001_ $$0P:(DE-HGF)0$$aEremin, V.$$b2
000047980 7001_ $$0P:(DE-HGF)0$$aGernhäuser, R.$$b3
000047980 7001_ $$0P:(DE-HGF)0$$aKröll, T.$$b4
000047980 7001_ $$0P:(DE-HGF)0$$aMutterer, M.$$b5
000047980 7001_ $$0P:(DE-HGF)0$$aPietralla, N.$$b6
000047980 7001_ $$0P:(DE-Ds200)OR1256$$aStreicher, B.$$b7
000047980 7001_ $$0P:(DE-HGF)0$$aWeber, M.$$b8
000047980 773__ $$0PERI:(DE-600)1466532-3$$a10.1016/j.nima.2010.10.096$$gVol. 629, no. 1, p. 197 - 201$$n1$$p197 - 201$$tNuclear instruments & methods in physics research / A$$v629$$x0168-9002$$y2011
000047980 909CO $$ooai:repository.gsi.de:47980$$pVDB
000047980 9101_ $$0I:(DE-Ds200)20121206GSI$$6P:(DE-Ds200)OR0256$$aGSI Helmholtzzentrum für Schwerionenforschung GmbH$$b1$$kGSI
000047980 9101_ $$0I:(DE-Ds200)20121206GSI$$6P:(DE-HGF)0$$aGSI Helmholtzzentrum für Schwerionenforschung GmbH$$b5$$kGSI
000047980 9101_ $$0I:(DE-Ds200)20121206GSI$$6P:(DE-Ds200)OR1256$$aGSI Helmholtzzentrum für Schwerionenforschung GmbH$$b7$$kGSI
000047980 9131_ $$0G:(DE-HGF)POF2-533$$1G:(DE-HGF)POF2-530$$2G:(DE-HGF)POF2-500$$3G:(DE-HGF)POF2$$4G:(DE-HGF)POF$$aDE-HGF$$bStruktur der Materie$$lPhysik der Hadronen und Kerne$$vExotic Nuclei and Nuclear Astrophysics (ENNA)$$x0
000047980 9141_ $$y2011
000047980 915__ $$0StatID:(DE-HGF)0010$$2StatID$$aJCR/ISI refereed
000047980 915__ $$0StatID:(DE-HGF)0100$$2StatID$$aJCR
000047980 915__ $$0StatID:(DE-HGF)0110$$2StatID$$aWoS$$bScience Citation Index
000047980 915__ $$0StatID:(DE-HGF)0111$$2StatID$$aWoS$$bScience Citation Index Expanded
000047980 915__ $$0StatID:(DE-HGF)0150$$2StatID$$aDBCoverage$$bWeb of Science Core Collection
000047980 915__ $$0StatID:(DE-HGF)0199$$2StatID$$aDBCoverage$$bThomson Reuters Master Journal List
000047980 915__ $$0StatID:(DE-HGF)0200$$2StatID$$aDBCoverage$$bSCOPUS
000047980 915__ $$0StatID:(DE-HGF)0300$$2StatID$$aDBCoverage$$bMedline
000047980 915__ $$0StatID:(DE-HGF)0420$$2StatID$$aNationallizenz
000047980 915__ $$0StatID:(DE-HGF)1030$$2StatID$$aDBCoverage$$bCurrent Contents - Life Sciences
000047980 915__ $$0StatID:(DE-HGF)1150$$2StatID$$aDBCoverage$$bCurrent Contents - Physical, Chemical and Earth Sciences
000047980 920__ $$lyes
000047980 9201_ $$0I:(DE-Ds200)KRA-20150901OR349$$kKRA$$lKernreaktionen$$x0
000047980 980__ $$ajournal
000047980 980__ $$aVDB
000047980 980__ $$aI:(DE-Ds200)20110831OR108
000047980 980__ $$aI:(DE-Ds200)KRA-20150901OR349
000047980 980__ $$aUNRESTRICTED